000 00177 a2200097 4500
020 _a9788434813724
041 _aspa
100 _aPilar Mateos
245 _aMolinete
942 _cK
999 _c27327
_d27327